Našou prioritou je doprava a infraštruktúra na opravu ciest a na kultúru dá BSK v roku 2011 viac peňazí ako vlani
S predsedom Bratislavského samosprávneho kraja, Pavlom Frešom, v rozhovore o situácii a problémoch v celej župe. Hlavné priority BSK pre tento rok. Infraštruktúra a rekonštrukcia ciest. Skvalitnenie kultúry, cestovného ruchu a zatraktívnenie školstva.
Salvato in:
| Autore principale: | |
|---|---|
| Natura: | Capitolo di libro |
| Lingua: | slovacco |
| Soggetti: | |
| Tags: |
Nessun Tag, puoi essere il primo ad aggiungerne!!
|
MARC
| LEADER | 00000naa a2200000 4500 | ||
|---|---|---|---|
| 001 | 0125891 | ||
| 005 | 20220725111514.4 | ||
| 041 | 0 | |a slo | |
| 044 | |a SK | ||
| 245 | 1 | 0 | |a Našou prioritou je doprava a infraštruktúra |b na opravu ciest a na kultúru dá BSK v roku 2011 viac peňazí ako vlani |c Miloš Nemeček |
| 520 | |a S predsedom Bratislavského samosprávneho kraja, Pavlom Frešom, v rozhovore o situácii a problémoch v celej župe. Hlavné priority BSK pre tento rok. Infraštruktúra a rekonštrukcia ciest. Skvalitnenie kultúry, cestovného ruchu a zatraktívnenie školstva. | ||
| 610 | 2 | 0 | |a kraje |
| 610 | 2 | 0 | |a vyššie územné celky |
| 610 | 2 | 0 | |a financie komunálne |
| 610 | 2 | 0 | |a politika komunálna |
| 610 | 2 | 0 | |a infraštruktúra |
| 610 | 2 | 0 | |a doprava |
| 610 | 2 | 0 | |a kultúra |
| 610 | 2 | 0 | |a školstvo |
| 100 | 1 | |a Nemeček, Miloš | |